000 00802nam a2200205 i 4500
001 164617
003 ES-MaACL
005 20250902233442.0
008 020905s1900 sp |||| | spa d
040 _aEUS
_bspa
_cEUS
100 1 _aSánchez y Lozano, Eusebio.
_9133038
245 1 0 _aLevantamiento rápido de planos al alcance de todos /
_cpor Eusebio Sánchez y Lozano.
250 _a2ª ed.
260 _aMadrid :
_b[s.n.],
_c1900 (
_fEstablecimiento tipográfico de San Francisco de Sales)
300 _a[17], 46-111 p. :
_bil. ;
_c28 cm.
596 _aEn cub.: 1901.
650 7 _aIngeniería industrial
_2embne
_9136288
852 _aES-MaACL
_jT-1025-F-7
_z-- Enc. hol. conservando la cub. original
_z-- Ex-libris de Antonio Gascon
_z-- Enc. en un vol. facticio
999 _c164617
_d164617